00881nam a2200181 a 450000100100000000500170001000800410002702000150006804000250008324502950010826000280040330000200043149000280045171000620047983000350054195201060057699900170068200004459620201002045504.0140721s1997 sp 000 0 spa d a9280507329 aDO-SdBNPbspacBNPHU00aTratado de la OMPI sobre interpretación o ejecución y fonogramas (WPPT)(1996) con las declaraciones concertadas relativas al tratado adoptadas por la Coferencia Diplomática y las disposiciones del Convenio de Berna (1971) y de la Convensión de Roma (1961) mencionadas en el tratado. aGinebra :bOMPI,c1997. a30 p. ;c22 cm.1 aPublicación OMPIv2272 aOrganización Mundial de la Propiedad Intelectual966400 0aPublicación OMPIc227972627 0010507-18MOaGRbGRcOId2014-07-21iLF1l0o p44596-10r2020-06-25w2020-06-25y1ZNo se presta c44085d44085